000 00406cam a2200181 4500
001 D13220
008 090401t1963 xxu||||| |||| 00| 0 eng d
035 _a(Sirsi) u8536
041 _aeng
100 _aLeach, W. A.
245 _aRating valuation and appeals
250 _a2nd
260 _aLondon
_bEstates Gazette
_c1963
350 _a0
520 _aShelf 118
942 _n0
948 _c04/03/1997
999 _c86527
_d86527